Literature - European Literature | 0 | 6 | 0 | 1 | 60 | 83 | 104.17 | 1 | 4 |
Philosophy | 1 | 5 | 2 | 2 | 55 | 79 | 108.50 | 0 | 4 |
Literature - British Literature | 0 | 4 | 0 | 2 | 40 | 87 | 126.75 | 0 | 3 |
Fine Arts - Visual Fine Arts | 0 | 4 | 0 | 1 | 40 | 92 | 111.50 | 0 | 3 |
History - European History | 2 | 1 | 0 | 1 | 40 | 56 | 81.67 | 1 | 3 |
Literature - American Literature | 0 | 4 | 0 | 2 | 40 | 96 | 120.75 | 1 | 2 |
| 0 | 3 | 0 | 0 | 30 | 72 | 87.33 | 2 | 3 |
Other Arts: Visual | 0 | 2 | 0 | 0 | 20 | 75 | 89.50 | 0 | 2 |
Beliefs | 1 | 1 | 2 | 0 | 15 | 68 | 98.00 | 1 | 1 |
History - American History | 0 | 2 | 1 | 0 | 15 | 88 | 102.50 | 0 | 1 |
Other Science: Astronomy | 0 | 1 | 0 | 0 | 10 | 112 | 112.00 | 0 | 1 |
Social Science | 0 | 1 | 0 | 1 | 10 | 121 | 121.00 | 0 | 0 |
Other Academic | 0 | 1 | 0 | 1 | 10 | 135 | 135.00 | 0 | 0 |
History - World History | 0 | 1 | 2 | 0 | 0 | 100 | 100.00 | 0 | 1 |
Science - Biology | 0 | 0 | 0 | 0 | 0 | | 0.00 | 0 | 0 |